Introduction to biochemistry (Record no. 28150)

MARC details
000 -LEADER
fixed length control field 00623nam a2200253Ia 4500
082 ## - DEWEY DECIMAL CLASSIFICATION NUMBER
Classification number 577.1
Item number SUT
100 ## - MAIN ENTRY--AUTHOR NAME
Personal name SUTTIE, John W
245 #0 - TITLE STATEMENT
Title Introduction to biochemistry
250 ## - EDITION STATEMENT
Edition statement Ed.2
260 ## - PUBLICATION, DISTRIBUTION, ETC. (IMPRINT)
Place of publication New York
Name of publisher Holt Rinehart and Winston
Year of publication 1977
650 ## - SUBJECT ADDED ENTRY--TOPICAL TERM
Topical Term Amino acid
650 ## - SUBJECT ADDED ENTRY--TOPICAL TERM
Topical Term Biochemical energetics
650 ## - SUBJECT ADDED ENTRY--TOPICAL TERM
Topical Term Biochemistry
650 ## - SUBJECT ADDED ENTRY--TOPICAL TERM
Topical Term Carbohydrate
650 ## - SUBJECT ADDED ENTRY--TOPICAL TERM
Topical Term Glucogen synthesis
650 ## - SUBJECT ADDED ENTRY--TOPICAL TERM
Topical Term Glycongenesis
650 ## - SUBJECT ADDED ENTRY--TOPICAL TERM
Topical Term Lipid
650 ## - SUBJECT ADDED ENTRY--TOPICAL TERM
Topical Term Nucleic acid
650 ## - SUBJECT ADDED ENTRY--TOPICAL TERM
Topical Term pH
650 ## - SUBJECT ADDED ENTRY--TOPICAL TERM
Topical Term Photosynthesis
650 ## - SUBJECT ADDED ENTRY--TOPICAL TERM
Topical Term Protein
942 ## - ADDED ENTRY ELEMENTS (KOHA)
Koha item type Books
Holdings
Withdrawn status Lost status Damaged status Not for loan Home library Current library Date acquired Full call number Accession Number Koha item type
        RRII Library RRII Library 16/12/2021 577.1 SUT 08758 Books